000 00481nam a2200181Ia 4500
001 17542
005 20260306171525.0
008 260306s9999||||xx |||||||||||||| ||und||
041 _aESP
082 _a658.02
_bI416
100 _aIborra Juan, María
_eAUT
245 0 _aFundamentos de dirección de empresas:
_bconceptos y habilidades directivas
260 _c2006
300 _axxviii, 565 páginas :
_c26 cm.
650 _aGEN
654 _aCAN
942 _cLIB
_dJUS
_fJUS
_2ddc
_n
999 _c17542
_d17542